000 00791cam a2200181 4500
001 WS118638
008 020702n 000 0 eng u
035 _a(Sirsi) u118638
110 _aInternational Union for Housing Finance
_94263
245 _aInternational Union for Housing Finance
520 _aWeb site for this non-profit trade association which acts as a primary source of information for trends and innovations in housing finance and mortgage lending around the world. Includes a link to their newsletter and statistics on a wide range of countries.
650 _aINTERNATIONAL
650 _aMORTGAGES
650 _aHOUSING FINANCE
690 _aFINANCE
856 4 0 _uhttps://www.housingfinance.org
_zView the website free of charge at www.housingfinance.org...
942 _n0
999 _c120063
_d120063